00368 a2200109 4500001001000000005001700010008004100027245007100068100002600139773007600165999001700241ART_1356120260410161910.0260409a 10aPosibilidades y dificultades de un análisis espacial contestario1 aCoraggio, José Luis0 tDemografía y economíag- Vol. XI, Nº 32 (mayo/ago. 1977)wREV13200 c26742d26742